| 000 | 00462nam a2200181Ia 4500 | ||
|---|---|---|---|
| 001 | 23413 | ||
| 005 | 20260414150935.0 | ||
| 008 | 260414t1997||||xx |||||||||||||| ||spa|| | ||
| 041 | _aESP | ||
| 082 |
_a650.01513 _bA42 |
||
| 100 |
_aAliaga Valdez, Carlos _eAUT |
||
| 245 | 0 |
_aManual de matemática financiera : _btexto, problemas y casos |
|
| 260 | _c1997 | ||
| 300 |
_a506 páginas : _c21cm. |
||
| 650 | _aGEN | ||
| 654 | _aCCO | ||
| 942 |
_cLIB _dJUS _fJUS _2ddc _n |
||
| 999 |
_c23413 _d23413 |
||